Top 100 joueurs NBA all-time - Statistiques

Statistiques générales
  • Ce quiz a été pris 29 654 fois
  • Le résultat moyen est 42 sur 100
Statistiques - réponses
Réponse Hint % Correct
2 LeBron James Cavaliers
99%
1 Michael Jordan Bulls
99%
13 Stephen Curry Warriors
96%
9 Kobe Bryant Lakers
94%
10 Shaquille O'Neal Lakers
90%
6 Larry Bird Celtics
88%
15 Kevin Durant Thunder
87%
4 Magic Johnson Lakers
87%
5 Tim Duncan Spurs
87%
3 Kareem Abdul-Jabbar Bucks
86%
64 Tony Parker Spurs
86%
41 James Harden Rockets
79%
12 Jerry West Lakers
79%
7 Wilt Chamberlain Warriors
79%
26 Scottie Pippen Bulls
74%
21 Dwayne Wade Heat
71%
38 Russell Westbrook Thunder
71%
29 Allen Iverson Sixers
70%
45 Giannis Antetokounmpo Bucks
70%
18 Dirk Nowitzki Mavericks
69%
8 Bill Russell Celtics
68%
11 Hakeem Olajuwon Rockets
68%
17 Karl Malone Jazz
65%
62 Dennis Rodman Bulls
64%
28 Kevin Garnett Timberwolves
64%
14 Moses Malone Sixers
63%
51 Chris Paul Clippers
62%
90 Klay Thompson Warriors
61%
19 Isiah Thomas Pistons
60%
44 Kawhi Leonard Spurs
60%
23 David Robinson Spurs
59%
99 Damian Lillard Trail Blazers
58%
98 David Thompson Nuggets
57%
25 John Stockton Jazz
56%
77 Manu Ginobili Spurs
55%
89 Anthony Davis Pelicans
54%
75 Carmelo Anthony Nuggets
54%
73 Dennis Johnson Celtics
53%
55 Ray Allen SuperSonics
52%
43 Steve Nash Suns
52%
31 Patrick Ewing Knicks
51%
52 Paul Pierce Celtics
50%
58 Vince Carter Raptors
50%
20 Julius Erving Sixers
49%
24 Charles Barkley Sixers
45%
85 Chris Bosh Raptors
43%
16 Oscar Robertson Royals
43%
61 Pau Gasol Lakers
43%
33 Jason Kidd Nets
41%
39 Gary Payton SuperSonics
40%
57 Reggie Miller Pacers
38%
86 Tracy McGrady Magic
37%
30 Bob Pettit Hawks
35%
42 Clyde Drexler Trail Blazers
35%
87 Dwight Howard Magic
34%
96 Ben Wallace Pistons
33%
35 Bob Cousy Celtics
33%
40 Dominique Wilkins Hawks
32%
27 Elgin Baylor Lakers
26%
22 John Havlicek Celtics
26%
83 Dikembe Mutombo Nuggets
25%
63 James Worthy Lakers
24%
46 Kevin McHale Celtics
23%
59 Robert Parish Celtics
23%
54 Bill Walton Trail Blazers
22%
81 Chris Mullin Warrios
20%
47 George Gervin Spurs
20%
88 Alonzo Mourning Heat
19%
53 Bob McAdoo Braves
19%
80 Chris Webber Kings
19%
68 Joe Dumars Pistons
18%
32 Rick Barry Warriors
18%
48 Walt Frazier Knicks
18%
34 Willis Reed Knicks
18%
36 George Mikan Lakers
17%
71 Pete Maravich Jazz
17%
50 Wes Unseld Bullets
17%
37 Elvin Hayes Bullets
15%
60 Sam Jones Celtics
15%
76 Alex English Nuggets
14%
78 Bernard King Knicks
14%
82 Grant Hill Pistons
13%
79 Artis Gilmore Bulls
11%
49 Dave Cowens Celtics
11%
100 Gail Goodrich Lakers
9%
65 Nate Thurmond Warriors
9%
92 Adrian Dantley Jazz
8%
67 Earl Monroe Knicks
8%
93 Mitch Richmond Kings
8%
56 Nate Archibald Kings
8%
84 Billy Cunningham Sixers
7%
66 Dolph Schayes Nationals
7%
72 Hal Greer Sixers
7%
69 Jerry Lucas Royals
7%
74 Paul Arizin Warriors
7%
70 Bob Lanier Pistons
6%
95 Dave Bing Pistons
6%
97 Dave Debusschere Knicks
6%
94 Lenny Wilkens Hawks
6%
91 Walt Bellamy Knicks
4%
Aucun quiz correspondant
Distribution des résultats
% des personnes avec chaque résultat
Percentile par nombre de réponses
Votre historique - résultats
Vous n’avez pas pris ce quiz